01178nam a2200289 i 45000010005000000030009000050050017000140080041000310200018000720800016000900800011001061000023001172450139001402500012002792600081002913000022003724900074003945040030004686500021004986500035005197000034005547100059005888300082006478520022007299990015007519520122007666664ES-MaACL20230906145036.0900209s1989 sp ||||1| spa d a84-7658-181-5 a1 Teofrasto a159.930 aTeofrasto.910971610aSobre las sensaciones : bedición bilingüe / cTeofrasto ; edición, introducción, traducción y notas de José Solana Dueso. a1ª ed. aBarcelona : bAnthropos ; Madrid : Ministerio de Educacion y Ciencia,c1989. a159 p. ; c20 cm.1 aTextos y documentos: clásicos del pensamiento de las ciencias ; v1 aBibliografía: p. 45-52.14aSentidos.91704614aLengua griega-vTextos.9142501 aSolana Dueso, José.91070731 aEspaña. bMinisterio de Educación y Ciencia.938641 aTextos y documentos: clásicos del pensamiento de las ciencias ; v19227823 aES-MaACLjL-13795 c6664d6664 00104070aATENEOMbATENEOMcDEPO2d2008-01-17eSCl0oL-13795p1006789r2023-02-23 00:00:00w2023-02-23yMONOGRAFIA